<?xml version="1.0" encoding="UTF-8"?>
<marc:record xmlns:marc="http://www.loc.gov/MARC21/slim">
   <marc:leader>00000nam a2200000 a 4500</marc:leader>
   <marc:datafield ind1="1" ind2=" " tag="100">
      <marc:subfield code="a">Luhn, Usch</marc:subfield>
      <marc:subfield code="4">aut</marc:subfield>
      <marc:subfield code="e">Verfasser/-in</marc:subfield>
   </marc:datafield>
   <marc:datafield ind1="0" ind2="0" tag="245">
      <marc:subfield code="a">Mein Birkensommer</marc:subfield>
   </marc:datafield>
   <marc:datafield ind1="0" ind2="0" tag="245">
      <marc:subfield code="c">Usch Luhn</marc:subfield>
   </marc:datafield>
   <marc:datafield ind1=" " ind2="1" tag="264">
      <marc:subfield code="a">München</marc:subfield>
      <marc:subfield code="b">cbj</marc:subfield>
      <marc:subfield code="c">2020</marc:subfield>
   </marc:datafield>
   <marc:datafield ind1=" " ind2=" " tag="250">
      <marc:subfield code="a">1. Auflage</marc:subfield>
   </marc:datafield>
   <marc:datafield ind1="1" ind2=" " tag="520">
      <marc:subfield code="a">Am Zeugnistag ist Emmy im Glück: Sie hat in Englisch die volle Punktzahl erreicht! Das war die Bedingung für eine Reise nach New York mit ihrem Vater. Neben den coolen Programmpunkten wie Freiheitsstatue, Central Park und Empire State Building freut sich Emmy besonders auf die gemeinsame Zeit allein mit ihrem Vater. Der wohnt seit einigen Monaten nicht mehr bei Emmy und ihrer Mutter, sondern bei seiner schwangeren Freundin ... Emmy ist schon am Kofferpacken, als ihr Vater die New-York-Reise absagt, weil es bei seiner Freundin Komplikationen gibt. Emmy fühlt sich verraten! Der von ihrer Mutter eiligst organisierte &#x84;Ersatz-Urlaub&#x93; nach Finnland droht zur Katastrophe zu werden</marc:subfield>
   </marc:datafield>
   <marc:datafield ind1=" " ind2=" " tag="020">
      <marc:subfield code="a">9783570177389</marc:subfield>
      <marc:subfield code="9">9783570177389</marc:subfield>
   </marc:datafield>
   <marc:datafield ind1=" " ind2=" " tag="020">
      <marc:subfield code="a">3570177386</marc:subfield>
      <marc:subfield code="9">3570177386</marc:subfield>
   </marc:datafield>
   <marc:datafield ind1=" " ind2=" " tag="300">
      <marc:subfield code="a">192 Seiten</marc:subfield>
   </marc:datafield>
</marc:record>
